Представление документа в формате RUSMARC

ПолеНазваниеЗначение
  Тип записи a
  Библиографический уровень m
001 Контрольный номер RU/CBS_UL/BASE/570815157
005 Дата корректировки 20240209174806.1
010 Индекс ISBN __
a ISBN
b Уточнения в пер.
d Цена 8 р. 00 к.
9 Тираж экз.
100 Данные общей обработки __
a Данные общей обработки 20180201d2018 ||| 0rusy0189 ca
101 Язык документа 0_
a Язык текста rus
102 Страна публикации __
a Страна публикации RU
105 Кодированные данные (монография) __
a Кодированные данные (монография) y###||||000|y
200 Заглавие и сведения об ответственности 1_
a Заглавие Микропроцессоры и их применение в системах передачи и обработки сигналов
b Общее обозначение материала Текст
e Сведения, относящиеся к заглавию учебное пособие для вузов
f Первые сведения об ответственности Б. А. Калабеков
210 Выходные данные 1_
a Место издания Москва
c Издательство Радио и связь
d Дата издания 1988
215 Физическое описание __
a Объем 368 с.
c Иллюстрации/тип воспроизводства ил.
d Формат см.
300 Общие примечания __
a Общие примечания Ограничения по возрасту - 16+
300 Общие примечания __
a Общие примечания Под инв. номером 72304: 4-1
606 Тематические рубрики 0_
a Основная рубрика Микропроцессорные вычислительные системы - Учебники для вузов
610 Ключевые слова 0_
a Ключевые слова процессорные устройства
a Ключевые слова приемы программирования
a Ключевые слова языки программирования
a Ключевые слова полупроводниковые запоминающие устройства
a Ключевые слова обработка сигналов
686 Индексы других классификаций __
a Классификационный индекс 32.973.26я73
2 Код системы ББК
700 Автор _1
a Фамилия Калабеков
b Имя (инициалы) Бениамин Аршакович
g Полное личное имя Б. А.
801 Источник записи _0
a Страна RU
b Организация МБУК ЦБС
c Дата составления 20180201
g Правила каталогизации RCR
801 Источник записи _1
a Страна RU
b Организация МБУК ЦБС г. Ульяновска
c Дата составления 20180201
g Правила каталогизации RCR
899 Данные о местонахождении __
i Авторский знак К 17
j Расстановочный фильтр 32.973.26
901 Тип документа __
t Тип документа m
910 Корректоры записи __
a Корректор записи Хисамова